000 00416nam a22001697a 4500
005 20180720130627.0
008 160514b xxu||||| |||| 00| 0 eng d
020 _a81-203-2356-4
041 _aeng
082 _b2437
_a658.3
100 _aGreenberg, Jerald and others
_94594
245 _aBehavior in Organizations
260 _aNew Delhi
_bPHI,
_c2008
300 _a677p,
650 _aManagement
_9241
942 _cBK
999 _c868
_d868